000 00518nam a2200193Ia 4500
008 240510s9999 xx 000 0 und d
020 _a0003540617795
041 _aEng
082 _a004.36
082 _bB52
100 _aBode, A.: (et-al)
245 0 _aParallel Virtual Machine :Euro PVM 96 Lecture Notes in Computer Science: Proceedings
260 _bSpringer: Tokyo
260 _c1996
300 _a362 p.
650 _aParallel Virtual Machine : Distributed Processing
942 _2ddc
942 _cRBK
999 _c27539
_d27539
945 _a1
_bMadushi Gamage
_c1
_dMadushi Gamage